Statystyki dla Stolice Województw

Kliknij tutaj aby rozwiązać quiz!

Ogólne statystyki

  • Ten quiz został rozwiązany 52 razy
  • Średni wynik to 15 z 16

Statystyki odpowiedzi

WojewództwoStolica% Poprawnych
ŁódzkieŁódź
100%
MałopolskieKraków
98%
LubelskieLublin
98%
OpolskieOpole
98%
Zachodnio-PomorskieSzczecin
98%
MazowieckieWarszawa
98%
DolnośląskieWrocław
96%
Kujawsko-PomorskieBydgoszcz/Toruń
94%
PomorskieGdańsk
94%
ŚląskieKatowice
94%
WielkopolskiePoznań
94%
PodlaskieBiałystok
90%
PodkarpackieRzeszów
90%
LubuskieGorzów Wielkopolski/Zielona Góra
88%
ŚwietokrzyskieKielce
88%
Warmińsko-MazurskieOlsztyn
85%

Rozkład punktacji

Percentyl według liczby udzielonych odpowiedzi

Procent ludzi z każdym wynikiem

Twoja historia wyników

Nie rozwiązałeś tego quizu